La hepatitis infecciosa aguda y su repercusión en la salud materno-infantil / (Record no. 50011)
[ view plain ]
| 000 -CABECERA | |
|---|---|
| campo de control de longitud fija | 00891nam a22002537a 4500 |
| 003 - IDENTIFICADOR DEL NÚMERO DE CONTROL | |
| campo de control | DO-SdBNP |
| 005 - FECHA Y HORA DE LA ÚLTIMA TRANSACCIÓN | |
| campo de control | 20211022145915.0 |
| 007 - CAMPO FIJO DE DESCRIPCIÓN FÍSICA--INFORMACIÓN GENERAL | |
| campo de control de longitud fija | ta |
| 008 - DATOS DE LONGITUD FIJA--INFORMACIÓN GENERAL | |
| campo de control de longitud fija | 210628e1996 dr ||||gr|||| 00| 0 spa d |
| 040 ## - FUENTE DE LA CATALOGACIÓN | |
| Centro catalogador/agencia de origen | DO-SdBNP |
| Lengua de catalogación | spa |
| Centro/agencia transcriptor | BNPHU |
| 082 #4 - NÚMERO DE LA CLASIFICACIÓN DECIMAL DEWEY | |
| Número de edición | 22 |
| Número de documento/Ítem | C39787e |
| 110 2# - ENTRADA PRINCIPAL--NOMBRE DE ENTIDAD CORPORATIVA | |
| 9 (RLIN) | 56448 |
| Nombre de entidad corporativa o nombre de jurisdicción como elemento de entrada | Centro Nacional de Investigaciones en Salud Materno Infantil (República Dominicana) |
| 245 03 - MENCIÓN DE TÍTULO | |
| Título | La hepatitis infecciosa aguda y su repercusión en la salud materno-infantil / |
| Mención de responsabilidad, etc. | editores Eddy Pérez, Jeannete Báez, Claudia Bautista |
| 260 ## - PUBLICACIÓN, DISTRIBUCIÓN, ETC. | |
| Lugar de publicación, distribución, etc. | Santo Domingo : |
| Nombre del editor, distribuidor, etc. | CENISMI, |
| Fecha de publicación, distribución, etc. | 1996. |
| 300 ## - DESCRIPCIÓN FÍSICA | |
| Extensión | [11 p. ]; |
| Dimensiones | 27 cm. |
| 490 1# - MENCIÓN DE SERIE | |
| Mención de serie | Reuniones Ténicas 1996 |
| Designación de volumen o secuencia | 1 |
| 590 ## - NOTA LOCAL (RLIN) | |
| Nota local | Inventariado 2021 / MF |
| 700 12 - PUNTO DE ACCESO ADICIONAL--NOMBRE DE PERSONA | |
| 9 (RLIN) | 56333 |
| Nombre de persona | Pérez, Eddy, |
| Término indicativo de función/relación | ed. |
| 700 12 - PUNTO DE ACCESO ADICIONAL--NOMBRE DE PERSONA | |
| 9 (RLIN) | 56613 |
| Nombre de persona | Báez, Jeannette, |
| Término indicativo de función/relación | ed. |
| 700 12 - PUNTO DE ACCESO ADICIONAL--NOMBRE DE PERSONA | |
| Nombre de persona | Bautista, Claudia, |
| Término indicativo de función/relación | ed. |
| 9 (RLIN) | 56331 |
| 830 #0 - PUNTO DE ACCESO ADICIONAL DE SERIE-TÍTULO UNIFORME | |
| Título uniforme | Reuniones Ténicas 1996 |
| 9 (RLIN) | 79019 |
| Número de parte o sección de la obra | 1 |
| 910 ## - DATOS DE OPCIÓN DEL USUARIO (OCLC) | |
| Datos de opción del usuario | MF |
| 942 ## - ELEMENTOS DE PUNTO DE ACCESO ADICIONAL (KOHA) | |
| Fuente del sistema de clasificación o colocación | Dewey Decimal Classification |
| Tipo de ítem Koha | Folleto |
| Estado de retiro | Estado de pérdida | Fuente del sistema de clasificación o colocación | No para préstamo | Código de colección | Localización permanente | Ubicación/localización actual | Ubicación en estantería | Fecha de adquisición | Fuente de adquisición | Total de préstamos | Signatura topográfica completa | Código de barras | Fecha visto por última vez | Precio válido a partir de | Tipo de ítem Koha |
|---|---|---|---|---|---|---|---|---|---|---|---|---|---|---|---|
| Dewey Decimal Classification | Excluido de préstamo | Patrimonio Dominicano | Biblioteca Nacional Pedro Henríquez Ureña | Patrimonio Dominicano | Depósito | 02.09.2020 | Donado / Patria Núñez | BNPHU PD C39787e | 2021-2270 | 28.06.2021 | 28.06.2021 | Libro y Folleto Colección Patrimonio Dominicano |
